| Tag |
First Indicator |
Second Indicator |
Subfields |
| LEADER |
00000cam a2200000Ia 4500 |
| 001 |
in00003826721 |
| 005 |
20190415180030.0 |
| 006 |
m o d |
| 007 |
cr cnu---unuuu |
| 008 |
130618s2009 gaua ob 001 0 eng d |
| 020 |
|
|
|a 9781461918899
|q (electronic bk.)
|
| 020 |
|
|
|a 1461918898
|q (electronic bk.)
|
| 020 |
|
|
|a 9781621988090
|q (electronic bk.)
|
| 020 |
|
|
|a 1621988090
|q (electronic bk.)
|
| 020 |
|
|
|z 9781933742472
|
| 020 |
|
|
|z 193374247X
|
| 035 |
|
|
|a (OCoLC)ocn849352606
|
| 035 |
|
|
|a (OCoLC)849352606
|
| 040 |
|
|
|a N$T
|b eng
|e pn
|c N$T
|d KNOVL
|d B24X7
|d ZCU
|d KNOVL
|d YDXCP
|d OCLCQ
|d UtOrBLW
|
| 049 |
|
|
|a TXAM
|
| 050 |
|
4 |
|a TH6057.I53
|b B47 2009eb
|
| 072 |
|
7 |
|a ARC
|x 011000
|2 bisacsh
|
| 082 |
0 |
4 |
|a 725/.23
|2 22
|
| 245 |
0 |
0 |
|a Best practices for datacom facility energy efficiency.
|
| 264 |
|
1 |
|a Atlanta, GA :
|b American Society of Heating, Refrigerating, and Air-Conditioning Engineers,
|c 2009.
|
| 300 |
|
|
|a 1 online resource (242 pages) :
|b illustrations
|
| 336 |
|
|
|a text
|b txt
|2 rdacontent
|
| 337 |
|
|
|a computer
|b c
|2 rdamedia
|
| 338 |
|
|
|a online resource
|b cr
|2 rdacarrier
|
| 504 |
|
|
|a Includes bibliographical references and index.
|
| 520 |
|
|
|a "The intent of this publication is to provide the reader with detailed information on the design of datacom facilities that will aid in minimizing the life-cycle cost to the client and to maximize energy efficiency in a facility to align with ASHRAE's stated direction to lead the advancement of sustainable building design and operations"--Provided by publisher.
|
| 588 |
0 |
|
|a Print version record.
|
| 500 |
|
|
|a Electronic resource.
|
| 650 |
|
0 |
|a Data processing service centers
|x Design and construction.
|
| 650 |
|
0 |
|a Electronic data processing departments
|x Equipment and supplies
|x Protection.
|
| 650 |
|
0 |
|a Buildings
|x Environmental engineering.
|0 http://id.loc.gov/authorities/subjects/sh85017778
|
| 650 |
|
0 |
|a Data processing service centers
|x Energy conservation.
|0 http://id.loc.gov/authorities/subjects/sh2006009110
|
| 650 |
|
0 |
|a Data processing service centers
|x Cost of operation.
|
| 650 |
|
7 |
|a ARCHITECTURE
|x Buildings
|x Public, Commercial & Industrial.
|2 bisacsh
|
| 655 |
|
7 |
|a Electronic books.
|2 local
|
| 710 |
2 |
|
|a Knovel (Firm)
|0 http://id.loc.gov/authorities/names/nr2001027264
|
| 710 |
2 |
|
|a American Society of Heating, Refrigerating and Air-Conditioning Engineers.
|0 http://id.loc.gov/authorities/names/n82013636
|
| 776 |
1 |
8 |
|i Print version:
|t Best practices for datacom facility energy efficiency.
|d Atlanta, GA : American Society of Heating, Refrigerating, and Air-Conditioning Engineers, 2009
|z 9781933742472
|w (DLC) 2008051512
|w (OCoLC)277040890
|
| 856 |
4 |
0 |
|u http://proxy.library.tamu.edu/login?url=http://app.knovel.com/hotlink/toc/id:kpBPDFEEEA/best-practices-for
|z Connect to the full text of this electronic book
|t 0
|
| 999 |
f |
f |
|s 5d212d8d-da9b-3f37-a7a7-ce6aba70ad4c
|i 02475b21-b073-30ff-8756-41c154411148
|t 0
|
| 952 |
f |
f |
|a Texas A&M University
|b College Station
|c Electronic Resources
|d Available Online
|t 0
|e TH6057.I53 B47 2009eb
|h Library of Congress classification
|
| 998 |
f |
f |
|a TH6057.I53 B47 2009eb
|t 0
|l Available Online
|